All Stage Winners of the Tour de France (2000-2019) - Statistics

General Stats
  • This quiz has been taken 52 times
  • The average score is 253 of 419
Answer Stats
Year Stage Answer % Correct
Stage 5 (TTT) : Verdun-Bar le Duc Crédit Agricole
100%
Stage 7 : Tomblaine-La Planche des Belles Filles Christopher Froome
97%
Stage 8 : Castres-Ax 3 Domaines Christopher Froome
97%
Stage 15 : Givors-Mont Ventoux Christopher Froome
97%
Stage 17 (ITT) : Embrun-Chorges Christopher Froome
97%
Stage 10 : Tarbes-La Pierre St Martin Christopher Froome
97%
Stage 8 : Pau-Bagnères de Luchon Christopher Froome
97%
Stage 18 (ITT) : Sallanches-Mègeve Christopher Froome
97%
Stage 5 : Cholet-Châteauroux Mark Cavendish
97%
Stage 8 : Figeac-Toulouse Mark Cavendish
97%
Stage 12 : Lavelanet-Narbonne Mark Cavendish
97%
Stage 13 : Narbonne-Nîmes Mark Cavendish
97%
Stage 2 : Monaco-Brignoles Mark Cavendish
97%
Stage 3 : Marseille-La Grande Motte Mark Cavendish
97%
Stage 10 : Limoges-Issoudun Mark Cavendish
97%
Stage 11 : Vatan-St Fargeau Mark Cavendish
97%
Stage 19 : Bourgoin Jallieu-Aubenas Mark Cavendish
97%
Stage 21 : Montereau Fault Yonne-Paris Champs Élysées Mark Cavendish
97%
Stage 5 : Épernay-Montargis Mark Cavendish
97%
Stage 6 : Montargis-Gueugnon Mark Cavendish
97%
Stage 11 : Sisteron-Bourg lès Valence Mark Cavendish
97%
Stage 18 : Salies de Béarn-Bordeaux Mark Cavendish
97%
Stage 20 : Longjumeau-Paris Champs Élysées Mark Cavendish
97%
Stage 5 : Carhaix-Cap Fréhel Mark Cavendish
97%
Stage 7 : Le Mans-Châteauroux Mark Cavendish
97%
Stage 11 : Blaye les Mines-Lavaur Mark Cavendish
97%
Stage 15 : Limoux-Montpellier Mark Cavendish
97%
Stage 21 : Créteil-Paris Champs Élysées Mark Cavendish
97%
Stage 2 : Visé-Tournai Mark Cavendish
97%
Stage 18 : Blagnac-Brive la Gaillarde Mark Cavendish
97%
Stage 20 : Rambouillet-Paris Champs Élysées Mark Cavendish
97%
Stage 5 : Cagnes sur Mer-Marseille Mark Cavendish
97%
Stage 13 : Tours-St Amand Montrond Mark Cavendish
97%
Stage 7 : Livarot-Fougères Mark Cavendish
97%
2016 Stage 1 : Mont St Michel-Utah Beach Mark Cavendish
97%
Stage 3 : Granville-Angers Mark Cavendish
97%
Stage 6 : Arpajon sur Cère-Montauban Mark Cavendish
97%
Stage 14 : Montélimar-Villars les Dombes Mark Cavendish
97%
Stage 14 : Mazamet-Plateau de Beille Alberto Contador
95%
Stage 15 : Pontalier-Plateau du Verbier Alberto Contador
95%
Stage 18 (ITT) : Annecy-Annecy Alberto Contador
95%
Stage 19 (ITT) : Freiburg im Breisgau-Mulhouse Lance Armstrong
95%
Stage 10 : Aix les Bains-L'Alpe d'Huez Lance Armstrong
95%
Stage 11 (ITT) : Grenoble-Chamrousse Lance Armstrong
95%
Stage 13 : Foix-Pla d'Adet Lance Armstrong
95%
Stage 18 (ITT) : Montluçon-St Amand Montrond Lance Armstrong
95%
2002 Prologue : Luxembourg-Luxembourg Lance Armstrong
95%
Stage 11 : Pau-La Mongie Lance Armstrong
95%
Stage 12 : Lannemezan-Plateau de Beille Lance Armstrong
95%
Stage 19 (ITT) : Régnier Durette-Mâcon Lance Armstrong
95%
Stage 15 : Bagnéres de Bigorre-Luz Ardiden Lance Armstrong
95%
Stage 13 : Lannemezan-Plateau de Beille Lance Armstrong
95%
Stage 15 : Valréas-Villard de Lans Lance Armstrong
95%
Stage 16 (ITT) : Le Bourg d'Oisans-L'Alpe d'Huez Lance Armstrong
95%
Stage 17 : Le Bourg d'Oisans-Le Grand Bornand Lance Armstrong
95%
Stage 19 (ITT) : Besançon-Besançon Lance Armstrong
95%
Stage 20 (ITT) : St Étienne-St Étienne Lance Armstrong
95%
Stage 1 : Liège-Seraing Peter Sagan
95%
Stage 3 : Orchies-Boulogne sur Mer Peter Sagan
95%
Stage 6 : Épernay-Metz Peter Sagan
95%
Stage 7 : Montpellier-Albi Peter Sagan
95%
Stage 2 : St Lô-Cherbourg Octeville Peter Sagan
95%
Stage 11 : Carcassonne-Montpellier Peter Sagan
95%
Stage 16 : Moirant en Montagne-Bern Peter Sagan
95%
Stage 3 : Verviers-Longwy Peter Sagan
95%
Stage 2 : Mouilleron St Germain-La Roche sur Yon Peter Sagan
95%
Stage 5 : Lorient-Quimper Peter Sagan
95%
Stage 13 : Le Bourg d'Oisans-Valence Peter Sagan
95%
Stage 5 : St Dié des Vosges-Colmar Peter Sagan
95%
Stage 8 : Belfort-Porrentruy Thibaut Pinot
92%
Stage 20 : Modane Valfréjus-L'Alpe d'Huez Thibaut Pinot
92%
Stage 14 : Tarbes-Tourmalet Thibaut Pinot
92%
Stage 10 : Annecy-Le Grand Bornand Julian Alaphilippe
89%
Stage 16 : Carcassonne-Bagnères de Luchon Julian Alaphilippe
89%
Stage 3 : Binche-Épernay Julian Alaphilippe
89%
Stage 13 (ITT) : Pau-Pau Julian Alaphilippe
89%
2013 Stage 1 : Porto Vecchio-Bastia Marcel Kittel
89%
Stage 10 : St Gildas des Bois-St Malo Marcel Kittel
89%
Stage 12 : Fougères-Tours Marcel Kittel
89%
Stage 21 : Versailles-Paris Champs Élysées Marcel Kittel
89%
2014 Stage 1 : Leeds-Harrogate Marcel Kittel
89%
Stage 3 : Cambridge-London Marcel Kittel
89%
Stage 4 : Le Touquet Paris Plage-Lille Marcel Kittel
89%
Stage 21 : Évry-Paris Champs Élysées Marcel Kittel
89%
Stage 4 : Saumur-Limoges Marcel Kittel
89%
Stage 2 : Düsseldorf-Liège Marcel Kittel
89%
Stage 6 : Vesoul-Troyes Marcel Kittel
89%
Stage 7 : Troyes-Nuits St Georges Marcel Kittel
89%
Stage 10 : Périgueux-Bergerac Marcel Kittel
89%
Stage 11 : Eymet-Pau Marcel Kittel
89%
Stage 18 : Gap-St Jean de Maurienne Romain Bardet
89%
Stage 19 : Albertville-St Gervais Mont Blanc Romain Bardet
89%
Stage 12 : Pau-Peyragudes Romain Bardet
89%
Stage 2 : York-Sheffield Vincenzo Nibali
89%
Stage 10 : Mulhouse-La Planche des Belles Filles Vincenzo Nibali
89%
Stage 13 : St Étienne-Chamrousse Vincenzo Nibali
89%
Stage 18 : Pau-Hautacam Vincenzo Nibali
89%
Stage 19 : St Jean de Maurienne-La Toussuire Vincenzo Nibali
89%
Stage 20 : Albertville-Val Thorens Vincenzo Nibali
89%
Stage 8 : Station des Rousses-Morzine Andy Schleck
86%
Stage 17 : Pau-Tourmalet Andy Schleck
86%
Stage 18 : Pinerolo-Galibier Serre Chevalier Andy Schleck
86%
Stage 9 (ITT) : Arc et Senans-Besançon Bradley Wiggins
86%
Stage 19 (ITT) : Bonneval-Chartres Bradley Wiggins
86%
Stage 15 : Gap-L'Alpe d'Huez Fränk Schleck
86%
Stage 17 : Bourg St Maurice-Le Grand Bornand Fränk Schleck
86%
2017 Stage 1 (ITT) : Düsseldorf-Düsseldorf Geraint Thomas
84%
Stage 11 : Albertville-La Rosière Geraint Thomas
84%
Stage 12 : Bourg St Maurice-L'Alpe d'Huez Geraint Thomas
84%
Stage 12 (ITT) : Gaillac-Cap Découverte Jan Ullrich
84%
Stage 20 : Annecy-Le Semnoz Nairo Quintana
84%
Stage 17 : Bagnéres de Luchon-Col de Portet Nairo Quintana
84%
Stage 18 : Embrun-Valloire Nairo Quintana
84%
Stage 5 : Le Cap d'Agde-Perpignan Thomas Voeckler
81%
Stage 15 : Pamiers-Bagnères de Luchon Thomas Voeckler
81%
Stage 10 : Mâcon-Bellegarde sur Valserine Thomas Voeckler
81%
Stage 16 : Pau-Bagnéres de Luchon Thomas Voeckler
81%
Stage 13 (ITT) : Albi-Albi Cadel Evans
78%
Stage 19 (ITT) : Cognac-Angoulême Cadel Evans
78%
Stage 4 : Lorient-Mûr de Bretagne Cadel Evans
78%
Stage 9 : St Girons-Bagnères de Bigorre Dan Martin
78%
Stage 6 : Brest-Mûr de Bretagne Dan Martin
78%
2004 Prologue : Liège-Liège Fabian Cancellara
78%
2007 Prologue : London-London Fabian Cancellara
78%
Stage 20 (ITT) : Cérilly-St Amand Montrond Fabian Cancellara
78%
2009 Stage 1 (ITT) : Monaco-Monaco Fabian Cancellara
78%
2010 Prologue : Rotterdam-Rotterdam Fabian Cancellara
78%
Stage 19 (ITT) : Bordeaux-Pauillac Fabian Cancellara
78%
2012 Prologue : Liège-Liège Fabian Cancellara
78%
Stage 3 : Waregem-Compiègne Fabien Cancellara
78%
Stage 12 : Bourg de Péage-Mende Joaquim Rodriguez
78%
Stage 3 : Antwerp-Huy Joaquim Rodriguez
78%
Stage 12 : Lannemezan-Plateau de Beille Joaquim Rodriguez
78%
Stage 7 : Brioude-Aurillac Luis Leon Sanchez
78%
Stage 8 : Andorra la Vella-St Girons Luis Leon Sanchez
78%
Stage 9 : Issoire-St Flour Luis Leon Sanchez
78%
Stage 14 : Limoux-Foix Luis Leon Sanchez
78%
Stage 17 : La Mure-Serre Chevalier Primož Roglič
78%
Stage 19 : Lourdes-Laruns Primož Roglič
78%
Stage 12 : Cugnaux-Luz Ardiden Samuel Sanchez
78%
Stage 20 (ITT) : Grenoble-Grenoble Tony Martin
78%
Stage 11 (ITT) : Avranches-Mont St Michel Tony Martin
78%
Stage 9 : Gérardmer-Mulhouse Tony Martin
78%
Stage 20 (ITT) : Bergerac-Périgueux Tony Martin
78%
Stage 4 : Seraing-Cambrai Tony Martin
78%
Stage 4 (TTT) : Joinville-St Dizier US Postal Service-Berry Floor
78%
Stage 10 : Aurillac-Carmaux André Greipel
76%
Stage 4 : Abbeville-Rouen André Greipel
76%
Stage 5 : Rouen-St Quentin André Greipel
76%
Stage 13 : St Paul 3 Châteaux-Le Cap d'Agde André Greipel
76%
Stage 6 : Aix en Provence-Montpellier André Greipel
76%
Stage 6 : Arras-Reims André Greipel
76%
Stage 2 : Utrecht-Zealand André Greipel
76%
Stage 5 : Arras-Amiens André Greipel
76%
Stage 15 : Mende-Valence André Greipel
76%
Stage 21 : Sèvres-Paris Champs-Élysées André Greipel
76%
Stage 21 : Chantilly-Paris Champs Élysées André Greipel
76%
Stage 10 : Escaldes Engordany-Revel Michael Matthews
76%
Stage 14 : Blagnac-Rodez Michael Matthews
76%
Stage 16 : Le Puy en Velay-Romans sur Isère Michael Matthews
76%
Stage 10 : St Flour-Albi Wout Van Aert
76%
Stage 19 : Modane Valfréjus-L'Alpe d'Huez Pierre Rolland
73%
Stage 11 : Albertville-La Toussuire Pierre Rolland
73%
Stage 14 : Grenoble-Risoul Rafał Majka
73%
Stage 17 : St Gaudens-Pla d'Adet Rafał Majka
73%
Stage 11 : Pau-Cauterets Rafał Majka
73%
Stage 6 : Bonneval-Angers Tom Boonen
70%
Stage 20 : Montereau Fault Yonne-Paris Champs Élysées Tom Boonen
70%
Stage 2 : Challans-Les Essarts Tom Boonen
70%
Stage 3 : La Châtaigneraie-Tours Tom Boonen
70%
Stage 6 : Semur en Auxois-Bourg en Bresse Tom Boonen
70%
Stage 12 : Montpellier-Castres Tom Boonen
70%
Stage 20 : Belfort-Troyes Erik Zabel
68%
Stage 1 : St Omer-Boulogne sur Mer Erik Zabel
68%
Stage 3 : Anvers-Seraing Erik Zabel
68%
Stage 19 : Orléans-Évry Erik Zabel
68%
Stage 6 : Forges les Eaux-Alençon Erik Zabel
68%
Stage 12 : Castelsarrasin-La Mongie Ivan Basso
68%
2011 Stage 1 : Passage du Gois-Mont des Alouettes Philippe Gilbert
68%
Stage 3 : Metz-Reims Robbie McEwen
68%
Stage 20 : Melun-Paris Champs Élysées Robbie McEwen
68%
Stage 2 : Charleroi-Namur Robbie McEwen
68%
Stage 9 : St Léonard de Noblat-Guéret Robbie McEwen
68%
Stage 5 : Chambord-Montargis Robbie McEwen
68%
Stage 7 : Lunéville-Karlsruhe Robbie McEwen
68%
Stage 13 : Miramas-Montpellier Robbie McEwen
68%
Stage 2 : Obernai-Esch sur Alzette Robbie McEwen
68%
Stage 4 : Huy-St Quentin Robbie McEwen
68%
Stage 6 : Lisieux-Vitré Robbie McEwen
68%
Stage 1 : London-Canterbury Robbie McEwen
68%
Stage 18 : Cluses-Bourg en Bresse Thor Hushovd
68%
Stage 8 : Lamballe-Quimper Thor Hushovd
68%
2006 Prologue : Strasbourg-Strasbourg Thor Hushovd
68%
Stage 20 : Antony-Paris Champs Élysées Thor Hushovd
68%
Stage 4 : Villers Cotterêts-Joigny Thor Hushovd
68%
Stage 2 : Auray-St Brieuc Thor Hushovd
68%
Stage 6 : Girona-Barcelona Thor Hushovd
68%
Stage 3 : Wanze-Arenberg Porte du Hainaut Thor Hushovd
68%
Stage 13 : Pau-Lourdes Thor Hushovd
68%
Stage 16 : St Paul 3 Châteaux-Gap Thor Hushovd
68%
Stage 1 : Montgeron-Meaux Alessandro Petacchi
65%
Stage 3 : Charleville Mézières-St Dizier Alessandro Petacchi
65%
Stage 5 : Troyes-Nevers Alessandro Petacchi
65%
Stage 6 : Nevers-Lyon Alessandro Petacchi
65%
Stage 1 : Rotterdam-Brussels Alessandro Petacchi
65%
Stage 4 : Cambrai-Reims Alessandro Petacchi
65%
Stage 11 : Albi-Toulouse Caleb Ewan
65%
Stage 16 : Nîmes-Nîmes Caleb Ewan
65%
Stage 21 : Rambouillet-Paris Champs Élysées Caleb Ewan
65%
Stage 13 : Toulouse-Ax 3 Domaines Carlos Sastre
65%
Stage 17 : St Jean de Maurienne-Morzine Carlos Sastre
65%
Stage 17 : Embrun-L'Alpe d'Huez Carlos Sastre
65%
Stage 2 : Luxembourg-Sarrebrück Oscar Freire
65%
Stage 5 : Beauvais-Caen Oscar Freire
65%
Stage 9 : Bordeaux-Dax Oscar Freire
65%
Stage 14 : Nîmes-Digne les Bains Oscar Freire
65%
Stage 3 : St Malo-Nantes Samuel Dumoulin
65%
Stage 12 : Toulouse-Bagnères de Bigorre Simon Yates
65%
Stage 15 : Limoux-Prat d'Albis Simon Yates
65%
Stage 9 : Vielha-Andorra Arcalis Tom Dumoulin
65%
Stage 13 (ITT) : Bourg St Andéol-La Caverne du Pont d'Arc Tom Dumoulin
65%
Stage 20 (ITT) : St Pée sur Nivelle-Espelette Tom Dumoulin
65%
Stage 10 : Grenoble-Courchevel Alejandro Valverde
62%
2008 Stage 1 : Brest-Plumelec Alejandro Valverde
62%
Stage 6 : Aigurande-Super Besse Alejandro Valverde
62%
Stage 17 : Bagnères de Luchon-Peyragudes Alejandro Valverde
62%
Stage 9 : Le Bourg d'Oisans-Gap Alexandre Vinokourov
62%
Stage 11 : Courchevel-Briançon Alexandre Vinokourov
62%
Stage 21 : Corbeil Essonnes-Paris Champs Élysées Alexandre Vinokourov
62%
Stage 13 : Rodez-Revel Alexandre Vinokourov
62%
Stage 5 : Vittel-La Planche des Belles Filles Fabio Aru
62%
Stage 16 : Mourenx-Pau Oscar Pereiro
62%
Stage 16 : Courchevel-Morzine Richard Virenque
62%
Stage 14 : Lodéve-Mont Ventoux Richard Virenque
62%
Stage 7 : Lyon-Morzine Richard Virenque
62%
Stage 10 : Limoges-St Flour Richard Virenque
62%
Stage 13 : St Girons-Foix Warren Barguil
62%
Stage 18 : Briançon-Izoard Warren Barguil
62%
Stage 9 : Nantua-Chambéry Rigoberto Uran
59%
Stage 12 : Bourg en Bresse-St Étienne Alexander Kristoff
57%
Stage 15 : Tallard-Nîmes Alexander Kristoff
57%
Stage 21 : Houilles-Paris Champs Élysées Alexander Kristoff
57%
Stage 12 : Carpentras-Mont Ventoux Marco Pantani
57%
Stage 15 : Briançon-Courchevel Marco Pantani
57%
Stage 8 : Aigurande-Super Besse Rui Costa
57%
Stage 16 : Vaison la Romaine-Gap Rui Costa
57%
Stage 19 : Le Bourg d'Oisans-Le Grand Bornand Rui Costa
57%
Stage 19 : Roanne-Montluçon Sylvain Chavanel
57%
Stage 2 : Brussels-Spa Sylvain Chavanel
57%
Stage 7 : Tournus-Station des Rousses Sylvain Chavanel
57%
Stage 4 : Mondorf les Bains-Vittel Arnaud Démare
54%
Stage 18 : Trie sur Baïse-Pau Arnaud Démare
54%
Stage 21 : Montgeron-Paris Champs Élysées Dylan Groenewegen
54%
Stage 7 : Fougères-Chartres Dylan Groenewegen
54%
Stage 8 : Dreux-Amiens Dylan Groenewegen
54%
Stage 7 : Belfort-Chalon sur Saône Dylan Groenewegen
54%
Stage 6 : Dinan-Lisieux Edvald Boasson Hagen
54%
Stage 17 : Gap-Pinerolo Edvald Boasson Hagen
54%
Stage 19 : Embrun-Salon de Provence Edvald Boasson Hagen
54%
Stage 13 : Muret-Rodez Greg Van Avermaet
54%
Stage 5 : Limoges-Le Lioran Greg Van Avermaet
54%
Stage 4 : Huy-Verdun Laurent Jalabert
54%
Stage 7 : Strasbourg-Colmar Laurent Jalabert
54%
2015 Stage 1 (ITT) : Utrecht-Utrecht Rohan Dennis
54%
Stage 15 : Embrun-Prato Nevoso Simon Gerrans
54%
Stage 3 : Ajaccio-Calvi Simon Gerrans
54%
Stage 12 : Montpellier-Mont Ventoux Chalet Reynard Thomas De Gendt
54%
Stage 8 : Mâcon-St Étienne Thomas De Gendt
54%
Stage 4 (TTT) : Cambrai-Arras US Postal Service-Berry Floor
54%
Stage 9 : Arras-Roubaix John Degenkolb
51%
Stage 9 : Gérardmer-Mulhouse Michael Rasmussen
51%
Stage 16 : Le Bourg d'Oisans-La Toussuire Michael Rasmussen
51%
Stage 8 : Le Grand Bornand-Tignes Michael Rasmussen
51%
Stage 16 : Orthez-Aubisque Michael Rasmussen
51%
Stage 16 : Castelsarrasin-Sarran Jens Voigt
49%
Stage 13 : Béziers-Montélimar Jens Voigt
49%
Stage 16 : Carcassonne-Bagnères de Luchon Michael Rogers
49%
Stage 15 : Laissac Sévérac L'Église-Le Puy en Velay Bauke Mollema
46%
Stage 4 : Reims-Nancy Elia Viviani
46%
Stage 8 : Sallanches-L'Alpe d'Huez Iban Mayo
46%
Stage 2 (TTT) : Brussels-Brussels Jumbo-Visma
46%
Stage 14 : St Pourçain sur Sioule-Lyon Matteo Trentin
46%
Stage 7 : Épernay-Nancy Matteo Trentin
46%
Stage 17 : Pont du Gard-Gap Matteo Trentin
46%
Stage 8 : Rennes-Mûr de Bretagne Alexis Vuillermoz
43%
Stage 9 (TTT) : Vannes-Plumelec BMC Racing Team
43%
Stage 3 (TTT) : Cholet-Cholet BMC Racing Team
43%
Stage 14 : Revel-Ax 3 Domaines Christophe Riblon
43%
Stage 18 : Gap-L'Alpe d'Huez Christophe Riblon
43%
2000 Stage 1 (ITT) : Futuroscope-Futuroscope David Millar
43%
Stage 13 : Lavelanet-Béziers David Millar
43%
Stage 19 (ITT) : Pornic-Nantes David Millar
43%
Stage 12 : St Jean de Maurienne-Annonay David Millar
43%
Stage 11 : Tarbes-Pla de Beret Denis Menchov
43%
2018 Stage 1 : Noirmoutier en l'île-Fontenay le Comte Fernando Gaviria
43%
Stage 4 : La Baule-Sarzeau Fernando Gaviria
43%
Stage 15 : Lézat sur Léze-Pla d'Adet George Hincapie
43%
Stage 20 : Mégéve-Morzine Ion Izagirre
43%
2019 Stage 1 : Brussels-Brussels Mike Teunissen
43%
Stage 17 : Digne les Bains-Pra Loup Simon Geschke
43%
Stage 8 : Tomblaine-Gérardmer Blel Kadri
41%
Stage 7 : Barcelona-Andorra Arcalis Brice Feillu
41%
Stage 9 : St-Étienne-Brioude Daryl Impey
41%
Stage 4 (TTT) : Tours-Blois Discovery Channel
41%
Stage 2 : Bastia-Ajaccio Jan Bakelants
41%
Stage 5 : Ypres-Arenberg Porte du Hainaut Lars Boom
41%
Stage 12 : Tonnerre-Vittel Nicki Sørensen
41%
Stage 14 : Montélimar-Gap Pierrick Fédrigo
41%
Stage 9 : St Gaudens-Tarbes Pierrick Fédrigo
41%
Stage 16 : Bagnères de Luchon-Pau Pierrick Fédrigo
41%
Stage 15 : Samatan-Pau Pierrick Fédrigo
41%
2001 Prologue : Dunkerque-Dunkerque Christophe Moreau
38%
Stage 6 : Mulhouse-La Planche des Belles Filles Dylan Teuns
38%
Stage 14 : St Gaudens-Plateau de Beille Jelle Vanendert
38%
Stage 18 : Cahors-Angoulême Sandy Casar
38%
Stage 16 : Martigny-Bourg St Maurice Sandy Casar
38%
Stage 9 : Morzine-St Jean de Maurienne Sandy Casar
38%
Stage 11 : Besançon-Oyonnax Tony Gallopin
38%
Stage 16 : Pau-Bayonne Tyler Hamilton
38%
Stage 14 : Rodez-Mende Steve Cummings
35%
Stage 7 : L'Isle Jourdain-Lac de Payolle Steve Cummings
35%
Stage 12 : Luchon-Carcassonne Yaroslav Popovych
35%
Stage 6 : Abbeville-Le Havre Zdenek Stybar
35%
Stage 17 : Bern-Finhaut Émosson Ilnur Zakarin
32%
Stage 20 : Ville d'Avray-Paris Champs Élysées Jean-Patrick Nazon
32%
Stage 3 : Waterloo-Wasquehal Jean-Patrick Nazon
32%
Stage 15 : Millau-Carcassonne Magnus Cort Nielsen
32%
Stage 4 (TTT) : Nice-Nice Orica-GreenEdge
32%
Stage 5 : Amiens-Chartres Stuart O'Grady
32%
Stage 2 : La Ferté sous Jouarre-Sedan Baden Cooke
30%
Stage 7 : Bagnoles de l'Orne-Avranches Bradley McGee
30%
2003 Prologue : Paris Tour Eiffel-Paris Maison de la Radio Bradley McGee
30%
Stage 11 : St Flour-Figeac David Moncoutié
30%
Stage 12 : Briançon-Digne les Bains David Moncoutié
30%
2005 Stage 1 (ITT) : Fromentine-Noirmoutier en l'île David Zabriskie
30%
Stage 7 : Châteaubriant-St Brieuc Filippo Pozzato
30%
Stage 5 : Chablis-Autun Filippo Pozzato
30%
Stage 14 : St Girons-Loudenvielle Val Louron Gilberto Simoni
30%
Stage 8 : Dole-Station des Rousses Lilian Calmejane
30%
Stage 20 (ITT) : Marseille-Marseille Maciej Bodnar
30%
Stage 16 : Les 2 Alpes-La Plagne Michael Boogerd
30%
Stage 14 : St Paul 3 Châteaux-Mende Omar Fraile
30%
Stage 14 : Draguignan-Briançon Santiago Botero
30%
Stage 9 (ITT) : Lanester-Lorient Santiago Botero
30%
Stage 15 : Vaison la Romaine-Les 2 Alpes Santiago Botero
30%
Stage 3 : Olonne sur Mer-Redon Tyler Farrar
30%
Stage 1 : Strasbourg-Strasbourg Jimmy Casper
27%
Stage 10 : Chambéry-Gap Sergio Paulinho
27%
Stage 10 : Tallard-Marseille Cédric Vasseur
24%
Stage 17 : Pau-Castelsarrasin Daniele Bennati
24%
Stage 20 : Marcoussis-Paris Champs Élysées Daniele Bennati
24%
Stage 2 (TTT) : Les Essarts-Les Essarts Garmin-Cervélo
24%
Stage 20 : Montélimar-Mont Ventoux Juan Manuel Garate
24%
Stage 9 : Agen-Dax Paolo Bettini
24%
Stage 16 : Bourg de Péage-Gap Ruben Plaza
24%
Stage 8 : Limoges-Villeneuve sur Lot Erik Dekker
22%
Stage 11 : Bagnères de Bigorre-Revel Erik Dekker
22%
Stage 17 : Évian les Bains-Lausanne Erik Dekker
22%
Stage 8 : Colmar-Pontarlier Erik Dekker
22%
Stage 19 : Issoire-Le Puy en Velay Giuseppe Guerini
22%
Stage 6 : Commercy-Strasbourg Jaan Kirsipuu
22%
Stage 5 : Soissons-Rouen Jaan Kirsipuu
22%
Stage 1 : Liège-Charleroi Jaan Kirsipuu
22%
Stage 11 : Narbonne-Toulouse Juan Antonio Flecha
22%
Stage 10 : Pau-Hautacam Juan José Cobo
22%
Stage 15 : Foix-Loudenvielle Val Louron Kim Kirchen
22%
Stage 4 (ITT) : Cholet-Cholet Kim Kirchen
22%
Stage 9 : Val d'Isère-Briançon Mauricio Soler
22%
Stage 17 : Pau-Revel Paolo Savoldelli
22%
Stage 10 : Bazas-Pau Patrice Halgand
22%
Stage 11 : Marseille-Montpellier Robert Hunter
22%
Stage 7 (ITT) : St Grégoire-Rennes Serhiy Honchar
22%
Stage 19 (ITT) : Le Creusot-Montceau les Mines Serhiy Honchar
22%
Stage 4 (TTT) : Montpellier-Montpellier Astana
19%
Stage 16 : Cuneo-Jausiers Cyril Dessel
19%
Stage 14 : Agde-Ax 3 Domaines Georg Totschnig
19%
Stage 10 : Gap-Marseille Jakob Piil
19%
Stage 15 : Bourg en Bresse-Culoz Jarlinson Pantano
19%
Stage 3 : Esch sur Alzette-Valkenburg Matthias Kessler
19%
Stage 4 (TTT) : Nantes-St Nazaire ONCE-Deutsche Bank
19%
Stage 4 (TTT) : Épernay-Château Thierry ONCE-Eroski
19%
Stage 19 : Maubourget-Bergerac Ramunas Navardauskas
19%
Stage 14 : Carcassonne-Nîmes Aitor Gonzalez
16%
Stage 17 : Aime-Cluses Dario Frigo
16%
Stage 2 : Dunkerque-Gent Gert Steegmans
16%
Stage 21 : Étampes-Paris Champs Élysées Gert Steegmans
16%
Stage 18 : Annemasse-Lons le Saunier Juan Miguel Mercado
16%
Stage 10 : Cambo les Bains-Pau Juan Miguel Mercado
16%
Stage 8 : St Martin de Landelles-Plouay Karsten Kroon
16%
Stage 6 : Vitré-Tours Léon Van Bon
16%
Stage 7 : Bourg en Bresse-Le Grand Bornand Linus Gerdemann
16%
Stage 18 : Albi-Mende Marcos Serrano
16%
Stage 9 : Pontarlier-Aix les Bains Sergueï Ivanov
16%
Stage 14 : Colmar-Besançon Sergueï Ivanov
16%
Stage 17 : Dax-Bordeaux Servais Knaven
16%
Stage 8 : St Méen le Grand-Lorient Sylvain Calzati
16%
Stage 2 : Futuroscope-Loudun Tom Steels
16%
Stage 3 : Loudun-Nantes Tom Steels
16%
Stage 13 : Vittel-Colmar Heinrich Haussler
14%
Stage 20 : Corbeil Essonnes-Paris Champs Élysées Jan Svorada
14%
Stage 18 : Morzine-Mâcon Matteo Tosatto
14%
Stage 18 : Bordeaux-St Maixent l'École Pablo Lastras
14%
Stage 8 : Pforzheim-Gérardmer Pieter Weening
14%
Stage 14 : Tarbes-Luz Ardiden Roberto Laiseka
14%
Stage 1 : Luxembourg-Luxembourg Rubens Bertogliati
14%
Stage 11 : Lannemezan-Foix Kurt Asle Arvesen
11%
Stage 6 : Troyes-Nancy Lorenzo Bernucci
11%
Stage 18 : Le Bourg d'Oisans-St Étienne Marcus Burghardt
11%
Stage 2 : Calais-Anvers Marc Wauters
11%
Stage 15 : Pau-Lavaur Rik Verbrugghe
11%
Stage 18 : Lausanne-Freiburg im Breisgau Salvatore Commesso
11%
Stage 9 : Toulouse-Bagnères de Bigorre Vladimir Efimkin
11%
Stage 10 : Dax-Hautacam Javier Otxoa
8%
Stage 7 : Tours-Limoges Christophe Agnolutto
5%
Stage 12 : Perpignan-Ax Bonascre Félix Cardenas
5%
Stage 13 : Avignon-Draguignan José Vicente Garcia Acosta
5%
Stage 17 : Brive la Gaillarde-Montluçon Serge Baguet
5%
Stage 21 : Paris Tour Eiffel-Paris Champs Élysées Stefano Zanini
5%
Stage 5 : Vannes-Vitré Marcel Wüst
3%
No matching quizzes found
Score Distribution
Percent of People with Each Score
Percentile by Number Answered
Your Score History
You have not taken this quiz